00676nam a2200181 i 450000100060000000300090000600500170001500700030003200800410003510000300007624500980010626000450020430000230024970000470027285200320031999900170035195201260036856955ES-MaACL20230906163502.0t|031014s1959 sp ||||1| spa d1 aDobraczynski, Jan.94494113aLa santa espada / cJan Dobraczynski ; traducción directa de Ana Mª Rodón Klemensiewicz. aBarcelona : bHerder, c1959 (fGrafesa) a423 p. ; c20 cnm.1 aRodón Klemensiewicz, Ana María.998163 aES-MaACLjC-17561 bR.44388 c56955d56955 00104070aATENEOMbATENEOMcGaleríad2008-01-17eSCl0oC-17561p1059809r2023-02-23 00:00:00w2023-02-23yMONOGRAFIA